La escultura española de la antiguedad (Record no. 135384)

MARC details
000 -LEADER
campo de control de longitud fija 00583nam a2200169 i 4500
001 - NÚMERO DE CONTROL
campo de control 135384
003 - IDENTIFICADOR DE NÚMERO DE CONTROL
campo de control ES-MaACL
005 - FECHA Y HORA DE LA ÚLTIMA TRANSACCIÓN
campo de control 20250612063106.0
007 - CAMPO FIJO DE DESCRIPCIÓN FÍSICA--INFORMACIÓN GENERAL
campo de control de longitud fija t|
008 - DATOS DE LONGITUD FIJA--INFORMACIÓN GENERAL
campo de control de longitud fija 070717s1926 sp ||||1| spa d
100 0# - ENTRADA PRINCIPAL--NOMBRE DE PERSONA
Nombre de persona Tormo y Monzó, Elías,
Fechas asociadas al nombre 1869-1957
9 (RLIN) 110657
245 13 - MENCIÓN DEL TÍTULO
Título La escultura española de la antiguedad
Resto del título : resumen histórico de su estudio /
Mención de responsabilidad, etc. por Elías Tormo y Monzó.
260 ## - PUBLICACIÓN, DISTRIBUCIÓN, ETC.
Lugar de publicación, distribución, etc. Madrid :
Nombre del editor, distribuidor, etc. [s.n.],
Fecha de publicación, distribución, etc. 1926 (
Fabricante Tip. de la Rev. de Arch. y Bibl. y Museos)
300 ## - DESCRIPCIÓN FÍSICA
Extensión 31 p. ;
Dimensiones 25 cm.
852 ## - LOCALIZACIÓN
Ubicación ES-MaACL
Número de control de estantería 1834-F-9
Sublocalización o colección R.19694
Holdings
Estatus retirado Estado de pérdida Estado de daño No para préstamo Colección Biblioteca de origen Biblioteca actual Ubicación en estantería Fecha de adquisición Fuente de adquisición Total de préstamos Signatura topográfica completa Código de barras Visto por última vez Precio de reemplazo Tipo de ítem Koha
        Colección de folletos Biblioteca del Ateneo de Madrid Biblioteca del Ateneo de Madrid Depósito folletos 17/01/2008     1834-F-9 1140910 23/02/2023 23/02/2023 Folleto